La poesía de Armando Godoy (Record no. 114496)
[ view plain ]
| 000 -LEADER | |
|---|---|
| campo de control de longitud fija | 00958nam a2200229 i 4500 |
| 001 - NÚMERO DE CONTROL | |
| campo de control | 114496 |
| 003 - IDENTIFICADOR DE NÚMERO DE CONTROL | |
| campo de control | ES-MaACL |
| 005 - FECHA Y HORA DE LA ÚLTIMA TRANSACCIÓN | |
| campo de control | 20230906190154.0 |
| 007 - CAMPO FIJO DE DESCRIPCIÓN FÍSICA--INFORMACIÓN GENERAL | |
| campo de control de longitud fija | t| |
| 008 - DATOS DE LONGITUD FIJA--INFORMACIÓN GENERAL | |
| campo de control de longitud fija | 070305s1933 sp c |||| | spa d |
| 080 ## - NÚMERO DE LA CLASIFICACIÓN DECIMAL UNIVERSAL | |
| Número de la Clasificación Decimal Universal | 821.133.1 Godoy, Armand 1.07 |
| 100 1# - ENTRADA PRINCIPAL--NOMBRE DE PERSONA | |
| Nombre de persona | Deambrosis Martins, Carlos. |
| 9 (RLIN) | 43091 |
| 245 13 - MENCIÓN DEL TÍTULO | |
| Título | La poesía de Armando Godoy |
| Resto del título | : (conferencia dictada en la Sorbona, Universidad de París, el 26 de noviembre de 1932) / |
| Mención de responsabilidad, etc. | Carlos Deambrosis Martins ; con una introducción de Jean Royere, El musiciscmo en la Sorbona ; acompañada de dos crónicas sobre este acto por Francis de Miomandre y Adolphe de Falgairolle. |
| 260 ## - PUBLICACIÓN, DISTRIBUCIÓN, ETC. | |
| Lugar de publicación, distribución, etc. | Madrid : |
| Nombre del editor, distribuidor, etc. | Iberia, |
| Fecha de publicación, distribución, etc. | [1933] |
| 300 ## - DESCRIPCIÓN FÍSICA | |
| Extensión | 55 p. : |
| Otras características físicas | 1 retr. ; |
| Dimensiones | 19 cm. |
| 600 14 - PUNTO DE ACCESO ADICIONAL DE MATERIA--NOMBRE DE PERSONA | |
| Nombre de persona | Godoy, Armand. |
| 9 (RLIN) | 162945 |
| 700 1# - ENTRADA AGREGADA--NOMBRE PERSONAL | |
| Nombre de persona | Royere, Jean. |
| 9 (RLIN) | 100217 |
| 700 1# - ENTRADA AGREGADA--NOMBRE PERSONAL | |
| Nombre de persona | Miomandre, Francis de. |
| 9 (RLIN) | 81399 |
| 700 1# - ENTRADA AGREGADA--NOMBRE PERSONAL | |
| Nombre de persona | Falgairolle, Adolphe. |
| 9 (RLIN) | 48734 |
| 740 32 - ENTRADA AGREGADA--TÍTULO RELACIONADO/ANALÍTICO NO CONTROLADO | |
| Título relacionado o analítico no controlado | El musicismo en la Sorbona. |
| 852 ## - LOCALIZACIÓN | |
| Ubicación | ES-MaACL |
| Número de control de estantería | 1775-F-22 |
| Estatus retirado | Estado de pérdida | Estado de daño | No para préstamo | Colección | Biblioteca de origen | Biblioteca actual | Ubicación en estantería | Fecha de adquisición | Fuente de adquisición | Total de préstamos | Signatura topográfica completa | Código de barras | Visto por última vez | Precio de reemplazo | Tipo de ítem Koha |
|---|---|---|---|---|---|---|---|---|---|---|---|---|---|---|---|
| Colección de folletos | Biblioteca del Ateneo de Madrid | Biblioteca del Ateneo de Madrid | Depósito folletos | 17/01/2008 | 1775-F-22 | 1119405 | 23/02/2023 | 23/02/2023 | Folleto |
